3-Letter Vocabulary (Hard) Quiz Stats

 Plays Quiz Updated Jun 23, 2017

Support Sporcle.
Go Orange.
Score 0/25 Timer 06:00
1 Play Today
% Correct
sac
87.1%
wry
85.5%
vex
85.5%
tom
85%
bob
84.3%
gob
84.1%
ism
83.9%
vie
83.4%
asp
81.5%
pep
80.7%
awl
80.5%
wan
78.4%
yew
78.2%
% Correct
jus
76.8%
din
76.1%
auk
68.3%
erg
67.9%
ado
63.5%
tog
58.3%
hie
55.4%
moa
52.8%
tun
52.2%
eft
48.4%
hew
46.5%
sup
41.8%

You're not logged in!

Compare scores with friends on all Sporcle quizzes.
OR
Log In
Forgot?

From the Vault

Opening Lyrics

by HenryFieldstone

We are sorry if this quiz has you singing to your computer for the rest of the day.
Remove Ads.
Support Sporcle.
Get the best of Sporcle when you Go Orange. This ad-free experience offers more features, more stats, and more fun while also helping to support Sporcle. Thank you for becoming a member.

Show Comments

Extras

Top Quizzes Today


Score Distribution

Your Account Isn't Verified!

In order to create a playlist on Sporcle, you need to verify the email address you used during registration. Go to your Sporcle Settings to finish the process.

Report this User

Report this user for behavior that violates our Community Guidelines.

Details: